Plantilla Atlético de Madrid La Liga 24/25 - Estadísticas

Estadísticas generales
  • Esta prueba ha sido intentada 130 veces
  • La puntuación promedio es 22 de 24
Estadísticas de respuestas
Imagen Hint Respuesta % Correcto
7 Griezmann
100%
5 R. De Paul
99%
Entrenador Diego Pablo Simeone
98%
13 Oblak
98%
6 Koke
97%
3 Azpilicueta
96%
4 Gallagher
96%
9 Sørloth
96%
8 Barrios
95%
10 Correa
95%
19 J. Álvarez
95%
14 M. Llorente
95%
2 J. M. Giménez
94%
15 Lenglet
94%
20 Witsel
93%
11 Lemar
92%
16 Molina
92%
24 Le Normand
90%
22 Giuliano
89%
12 S. Lino
88%
23 Reinildo
85%
21 Javi Galán
84%
1 J. Musso
83%
17 Riquelme
83%
No se encontraron pruebas coincidentes
Distribución de puntuación
Porcentaje de gente con cada puntuación
Porcentaje por número respondido
Historial de tus puntuaciones
No has intentado esta prueba.